Emma Stone Movies - Statistics

General Stats
  • This quiz has been taken 39 times
    32 since last reset
  • The average score is 14 of 35
Answer Stats
Hint Answer % Correct
2016 La La Land
85%
2010 Easy A
81%
2023 Poor Things
77%
2012 The Amazing Spider-Man
77%
2011 Crazy, Stupid, Love.
69%
2018 The Favourite
69%
2007 Superbad
65%
2009 Zombieland
65%
2014 The Amazing Spider-Man 2
62%
2014 Birdman
58%
2021 Cruella
58%
2019 Zombieland: Double Tap
54%
2008 The House Bunny
50%
TBD Kinds of Kindness
46%
2013 The Croods
46%
2011 The Help
46%
2013 Gangster Squad
42%
2015 Aloha
38%
2017 Battle of the Sexes
35%
2014 Magic in the Moonlight
31%
2013 Movie 43
31%
TBD Cruella 2
27%
2009 Ghosts of Girlfriend's Past
27%
2015 Irrational Man
27%
2008 The Rocker
27%
2011 Friends With Benefits
23%
2009 Paper Man
23%
2010 Marmaduke
19%
2014 The Interview
15%
2016 Popstar: Never Stop Never Stopping
12%
2020 The Croods 2: A New Age
8%
TBD Little White Corvette
0%
2023 Problemista
0%
TBD Untitled Julio Torres Project
0%
2022 When You Finish Saving the World
0%
No matching quizzes found
Score Distribution
Percent of People with Each Score
Percentile by Number Answered
Your Score History
You have not taken this quiz since the last reset